[Event "BEL-ch U20"]
[Site "Blankenberge"]
[Date "2017.04.11"]
[Round "4"]
[White "Beukema, Louise"]
[Black "Bressan, Guillaume"]
[Result "1-0"]
[WhiteElo "1439"]
[BlackElo "1736"]
[PlyCount "67"]
[EventDate "2017.04.09"]
[EventType "swiss"]
[EventRounds "9"]
[EventCountry "BEL"]
[SourceTitle "CBM 178 Extra"]
[Source "ChessBase"]
[SourceDate "2017.06.22"]
[SourceVersion "1"]
[SourceVersionDate "2017.06.22"]
[SourceQuality "1"]

1. c4 Nf6 2. g3 e5 3. Bg2 Nc6 4. Nc3 Bc5 5. e3 0-0 6. Nge2 Re8 7. 0-0 d6 8. a3 a5 9. d3 Bf5 10. e4 Bg4 11. h3 Bd7 12. Rb1 h5 13. Bg5 Qc8 14. Kh2 Nh7 15. Qd2 Nd4 16. f4 a4 17. b4 axb3 18. Nd5 c6 19. Ne7+ Rxe7 20. Bxe7 Rxa3 21. fxe5 Qe8 22. exd6 Ra2 23. Rb2 Ra3 24. Qe3 Ne6 25. d4 Bb6 26. c5 Bd8 27. Rxb3 Rxb3 28. Qxb3 Bxe7 29. dxe7 Qxe7 30. Qxb7 Nf6 31. e5 Nd5 32. Bxd5 cxd5 33. c6 Nd8 34. Qxd7 1-0